| 000 | 00648nam a2200205Ia 4500 | ||
|---|---|---|---|
| 003 | OSt | ||
| 005 | 20250702123118.0 | ||
| 008 | 210210b1981 xxu||||| |||| 00| 0 eng d | ||
| 040 | _cAL | ||
| 041 | _aKannada | ||
| 082 | _aK894.9 JAVY | ||
| 100 |
_aJAVAREGAUDA (D), Ed. _dಜವರೇಗೌಡ (ಡಿ) _9216891 |
||
| 245 |
_aYadugiri: Pu Ti Na abhinandana grantha _bಯದುಗಿರಿ: ಪು ತಿ ನ ಅಭಿನಂದನ ಗ್ರಂಥ |
||
| 260 |
_aMaisuru _bDi Vi Ke Murti _c1981 |
||
| 300 | _axiii,620 | ||
| 650 |
_aPu Ti Na Narasimhachar Pu Ti _9216892 |
||
| 690 |
_aKannada Criticism _9216893 |
||
| 906 | _a045497 | ||
| 942 |
_2ddc _cBK |
||
| 999 |
_c95179 _d95179 |
||